000 00602nam a2200229Ia 4500
003 OSt
005 20221006163854.0
006 a|||||r|||| 00| 0
007 ta
008 221006b |||||||| |||| 00| 0 eng d
024 _a6,837
037 _cTextual
040 _aFML
_cFML
_beng
041 _2eng
_aeng
082 _aNQ2.243, J2
100 _aArcher W. G. Au.
_9676055
245 0 _aIndian Paintings In The Punjab Hills
260 _aLondon
_bH. M. S. O. U. K.
_c1952
300 _a98
_ccm.
942 _hNQ2.243, J2
_cTEXL
_2CC
999 _c1115587
_d1115587